header

Command at sea (Record no. 59705)

MARC details
000 -LEADER
fixed length control field 01248nam a2200313Ia 4500
100 1# - MAIN ENTRY--AUTHOR NAME
Personal name Palmer, Michael A.
245 10 - TITLE STATEMENT
Title Command at sea
260 ## - PUBLICATION, DISTRIBUTION, ETC. (IMPRINT)
Place of publication Cambridge, MA ;
-- London :
Name of publisher Harvard University Press,
Year of publication 2007.
300 ## - PHYSICAL DESCRIPTION
Number of Pages 377 p.
500 ## - GENERAL NOTE
General note Originally published: 2005.
650 #0 - SUBJECT ADDED ENTRY--TOPICAL TERM
Topical Term Command and control systems
Topical Term Naval history.
Topical Term Command of troops.
856 40 - ELECTRONIC LOCATION AND ACCESS
Uniform Resource Identifier http://site.ebrary.com/lib/rucke/Doc?id=10318361

No items available.

© 2026 Rongo University
Contact us: librarian | system librarian | Rongo university